000 00399nam a2200157Ia 4500
008 210716s2006 xx 000 0 und d
020 _a074944651X
041 _aeng
082 _a659.2 HAYR
100 _aHaywood, Roger.
245 _aCorporate reputation, the brand and the bottom line.
250 _a3
260 _aNew delhi
_bKogan Page
_c2006
300 _axvi,320
650 _aAdvertising
999 _c205324
_d205324